| 000 | 00929nas a2200325 4500 | ||
|---|---|---|---|
| 001 | BR0404286 | ||
| 003 | BR-BrBNA | ||
| 005 | 20231205104754.0 | ||
| 007 | ta | ||
| 008 | 230509b bl.|||p| |||| 00| 00por d | ||
| 040 |
_aBR-BrBNA _bpor _cBiblioteca Nacional de Agricultura |
||
| 041 | _a(Pt) | ||
| 072 | _aL73; L70 | ||
| 100 | 1 | _aNascimento, R.A.P. | |
| 100 | 1 | _aLobato, F.C.F. | |
| 100 | 1 | _aAbreu, V.L.V. | |
| 100 | 1 | _aMartins, N.E. | |
| 100 | 1 | _aAssis, R.A. | |
| 100 | 1 | _aCarvalho Filho, M.B. | |
| 245 | 1 | _aAvaliação de vacinas contra Clostridium novyi tipo B | |
| 650 | _aBOVINO | ||
| 650 | _aCOELHO | ||
| 650 | _aDOENÇA ANIMAL | ||
| 650 | _aHEPATITE | ||
| 650 | _aTOXINA | ||
| 650 | _aVACINA | ||
| 773 | 0 |
_tArquivo Brasileiro de Medicina Veterinária e Zootecnia (Brazil) _xISSN 0102-0935 _g(Feb 2004), v. 56(1) p. 1-6 _wBR0404286 |
|
| 909 |
_a202311 _bLúcia _c55 _dLúcia Elande |
||
| 942 |
_2AGRIS _n0 _cANA |
||
| 999 |
_c179637 _d179637 |
||